LEADER 01198nam--2200397---450- 001 990001809880203316 005 20110321095604.0 035 $a000180988 035 $aUSA01000180988 035 $a(ALEPH)000180988USA01 035 $a000180988 100 $a20040701d--------km-y0itay0103----ba 101 0 $aita 102 $aIT 105 $a||||||||001yy 200 1 $aRuzante e Arlecchino$eTre saggi sul teatro popolare del cinquecento$fdi Ferrante Mastropasqua, Cesare Molinari 210 $aParma$cStudium Parmense$ds.d. 215 $a125 p.$d24 cm 225 2 $aQuaderni di ricerca$v2 410 0$12001$aQuaderni di ricerca$v2 454 1$12001 461 1$1001-------$12001 606 0 $aRuzante 606 0 $aArlecchino 700 1$aMASTROPASQUA,$bFernando$0290924 701 1$aMOLINARI,$bCesare$0153366 801 0$aIT$bsalbc$gISBD 912 $a990001809880203316 951 $aXIII.1.B. 444(VII T Coll. 16/2)$b69639 L.M.$cVII T 959 $aBK 969 $aUMA 979 $aSIAV2$b10$c20040701$lUSA01$h1331 979 $aCOPAT5$b90$c20060301$lUSA01$h1522 979 $aPATRY$b90$c20110321$lUSA01$h0956 996 $aRuzante e Arlecchino$990294 997 $aUNISA